ბათუმის შოთა რუსთაველის სახელმწიფო უნივერსიტეტის ბიბლიოთეკა

მაცნე: (ბიბ.ჩანაწერი № 59630)

000 -LEADER
fixed length control field 01319nam a22002177a 4500
005 - DATE AND TIME OF LATEST TRANSACTION
control field 20251106182120.0
008 - FIXED-LENGTH DATA ELEMENTS--GENERAL INFORMATION
fixed length control field 230324c2022 ge ||||| |||| 00| 0 geo d
022 ## - INTERNATIONAL STANDARD SERIAL NUMBER
International Standard Serial Number 27208443
041 ## - LANGUAGE CODE
Language code of text/sound track or separate title geo
245 ## - TITLE STATEMENT
Title მაცნე:
Remainder of title ენის, ლიტერატურისა და ხელოვნების სერია /
Statement of responsibility, etc. რედ. ავთანდილ არაბული, ვალერი ასათიანი, რისმაგ გორდეზიანი, ინესა მერაბიშვილი და სხვ.
260 ## - PUBLICATION, DISTRIBUTION, ETC.
Place of publication, distribution, etc. თბილისი,
Date of publication, distribution, etc. 2022.
300 ## - PHYSICAL DESCRIPTION
Extent 282 გვ. ;
Other physical details 25 სმ.
653 ## - INDEX TERM--UNCONTROLLED
Uncontrolled term მაცნე
653 ## - INDEX TERM--UNCONTROLLED
Uncontrolled term პერიოდიკა
700 ## - ADDED ENTRY--PERSONAL NAME
Personal name არაბული, ავთანდილ
Relator term რედაქტორი
9 (RLIN) 17246
700 ## - ADDED ENTRY--PERSONAL NAME
Personal name ასათიანი, ვალერი
Relator term რედაქტორი
9 (RLIN) 17247
700 ## - ADDED ENTRY--PERSONAL NAME
Personal name გორდეზიანი, რისმაგ
Relator term რედაქტორი
9 (RLIN) 17248
700 ## - ADDED ENTRY--PERSONAL NAME
Personal name მერაბიშვილი, ინესა
Relator term რედაქტორი
9 (RLIN) 17249
856 ## - ELECTRONIC LOCATION AND ACCESS
Link text pdf. ელ. ვერსია (პირველი ტომის)
Uniform Resource Identifier http://science.org.ge/wp-content/uploads/2023/02/ena-2022-1_compressed-compressed.pdf
942 ## - ADDED ENTRY ELEMENTS (KOHA)
Source of classification or shelving scheme
Koha item type პერიოდიკა
ეგზემპლარები
Withdrawn status Lost status Source of classification or shelving scheme Damaged status Not for loan Permanent Location Current Location Shelving location Date acquired Serial Enumeration / chronology Barcode Date last seen Copy number Price effective from Koha item type Uniform Resource Identifier
          ბათუმის შოთა რუსთაველის სახელმწიფო უნივერსიტეტის მთავარი ბიბლიოთეკა ბათუმის შოთა რუსთაველის სახელმწიფო უნივერსიტეტის მთავარი ბიბლიოთეკა წიგნსაცავი 2023-03-24 # 1 (2022) 81032 p 2023-03-24 810232 2023-03-24 პერიოდიკა  
          ბათუმის შოთა რუსთაველის სახელმწიფო უნივერსიტეტის მთავარი ბიბლიოთეკა ბათუმის შოთა რუსთაველის სახელმწიფო უნივერსიტეტის მთავარი ბიბლიოთეკა   2024-03-21 # 2 (2022) 81117 2024-03-21 81117 2024-03-21 პერიოდიკა  
          ბათუმის შოთა რუსთაველის სახელმწიფო უნივერსიტეტის მთავარი ბიბლიოთეკა ბათუმის შოთა რუსთაველის სახელმწიფო უნივერსიტეტის მთავარი ბიბლიოთეკა წიგნსაცავი 2025-02-07 # 1 2024 81350 2025-02-07 81350 2025-02-07 პერიოდიკა ნაჩუქარი
          ბათუმის შოთა რუსთაველის სახელმწიფო უნივერსიტეტის მთავარი ბიბლიოთეკა ბათუმის შოთა რუსთაველის სახელმწიფო უნივერსიტეტის მთავარი ბიბლიოთეკა წიგნსაცავი 2025-02-07 # 2 2024 81351 2025-02-07 81351 2025-02-07 პერიოდიკა ნაჩუქარი